MARC details
| 000 -LÍDER |
| campo de controle de tamanho fixo |
01310nam a22003497a 4500 |
| 001 - NÚMERO DE CONTROLE |
| campo de controle |
BR0200897 |
| 003 - IDENTIFICADOR DO NÚMERO DE CONTROLE |
| campo de controle |
BR-BrBNA |
| 005 - DATA E HORÁRIO DA ÚLTIMA TRANSAÇÃO |
| campo de controle |
20230928101018.0 |
| 007 - CAMPO FIXO DE DESCRIÇÃO FÍSICA--INFORMAÇÃO GERAL |
| campo de controle de tamanho fixo |
ta |
| 008 - CAMPO DE DADOS FIXOS--INFORMAÇÃO GERAL |
| campo de controle de tamanho fixo |
230509b bl.||||| |||| 00| 0 por d |
| 040 ## - FONTE DA CATALOGAÇÃO |
| Instituição da catalogação original |
BR-BrBNA |
| Idioma da catalogação |
por |
| Instituição que transcreveu o registro |
Biblioteca Nacional de Agricultura |
| 041 ## - CÓDIGO DE IDIOMA |
| Código do idioma do texto/trilha sonora ou título diferente |
(Eng, Por) |
| 072 ## - CÓDIGO DE CATEGORIA DE ASSUNTO |
| Código de Categoria de Assunto |
F01; F02; F30 |
| Código do objeto |
0710 |
| -- |
0718 |
| 090 ## - NÚMERO DE CHAMADA LOCAL |
| -- |
0710 BR0200897 |
| 110 1# - ENTRADA PRINCIPAL--NOME CORPORATIVO |
| Nome corporativo ou nome da jurisdição |
Empresa de Pesquisa Agropecuaria e Extensao Rural de Santa Catarina S.A., Florianopolis (Brasil) |
| 111 1# - ENTRADA PRINCIPAL--NOME DO EVENTO |
| Nome do evento ou lugar |
Seminario sobre Fruticultura de Clima Temperado |
| Local do evento |
Florianopolis, SC (Brazil) |
| Data do evento ou assinatura do tratado |
23-26 Oct 2001 |
| 245 1# - TÍTULO |
| Título |
Seminario sobre Fruticultura de Clima Temperado; perspectivas da fruticultura de clima temperado na regiao subtropical: estrategias e tecnologias para a sustentabilidade da fruticultura de baixo impacto ambiental |
| 260 3# - PUBLICAÇÃO, DISTRIBUIÇÃO, ETC. |
| Local de publicação, distribuição, etc. |
Florianopolis, SC (Brasil): |
| Data da publicação, distribuição, etc. |
2001. |
| 300 ## - DESCRIÇÃO FÍSICA |
| Extensão |
161 p. |
| 500 ## - NOTA GERAL |
| Nota geral |
Summaries (Eng, Por); Several bibliography; 44 tables; 52 illus. |
| 650 ## - ASSUNTO--TERMO TÓPICO |
| Cabeçalho tópico ou nome geográfico |
Maca |
| 650 ## - ASSUNTO--TERMO TÓPICO |
| Cabeçalho tópico ou nome geográfico |
Pera |
| 650 ## - ASSUNTO--TERMO TÓPICO |
| Cabeçalho tópico ou nome geográfico |
Variedade Resistente |
| 650 ## - ASSUNTO--TERMO TÓPICO |
| Cabeçalho tópico ou nome geográfico |
Manejo do Solo |
| 650 ## - ASSUNTO--TERMO TÓPICO |
| Cabeçalho tópico ou nome geográfico |
Propagacao Vegetativa |
| 650 ## - ASSUNTO--TERMO TÓPICO |
| Cabeçalho tópico ou nome geográfico |
Doenca de Planta |
| 650 ## - ASSUNTO--TERMO TÓPICO |
| Cabeçalho tópico ou nome geográfico |
Praga de Planta |
| 650 ## - ASSUNTO--TERMO TÓPICO |
| Cabeçalho tópico ou nome geográfico |
Resposta da Planta |
| 650 ## - ASSUNTO--TERMO TÓPICO |
| Cabeçalho tópico ou nome geográfico |
Impacto Ambiental |
| 909 ## - |
| -- |
202309 |
| -- |
Lucia |
| -- |
55 |
| -- |
Lucia Elande |
| 942 ## - ELEMENTOS DE ENTRADA ADICIONADOS (KOHA) |
| Tipo de material Koha |
Livros |